000
00316nam a22001337a 4500
005
20170401154040.0
008
170401b xxu||||| |||| 00| 0 eng d
041
_a
eng
100
_a
MATHUR,S.P, SINGH ,N.K
_9
3785
245
_a
COAL MINNING VOL I
260
_b
KHANAN PRAKSHAN
650
_a
MINNING
_9
3786
942
_c
BK
999
_c
5392
_d
5390